Bulletin of the Asia Institute

محفوظ في:

التنسيق: دورية

اللغة: Undetermined

منشور في: JSTOR
Bulletin of the Asia Institute, a Non-Profit Corporation

الموضوعات:

الوصول للمادة أونلاين: Login to view Source

الوسوم: إضافة وسم

لا توجد وسوم, كن أول من يضع وسما على هذه التسجيلة!

رقم الطلب:

LEADER 00723nas a2200241Ia 4500
008 220214c99999999xx |||||||||||| ||und||
022 |a 0890-4464 
245 0 0 |a Bulletin of the Asia Institute 
264 1 |b JSTOR 
264 1 |b Bulletin of the Asia Institute, a Non-Profit Corporation 
362 0 |a Vol. 1(1987)-28 (2014) 
653 1 0 |a Area Studies 
653 1 0 |a Art & Art History 
653 1 0 |a Arts 
653 1 0 |a Asian Studies 
653 1 0 |a History 
653 1 0 |a Linguistics 
653 1 0 |a Middle East Studies 
653 1 0 |a Social Sciences 
856 4 0 |u https://www.jstor.org/journal/bullasiainst 
942 |c JL 
952 |0 0  |1 0  |4 0  |7 1  |9 34348  |a JSR  |b JSR  |d 2022-02-14  |l 0  |r 2022-02-14 00:00:00  |w 2022-02-14  |y JL 
999 |c 42681  |d 42681